LEADER 01722nam 2200469 450 001 996466549003316 005 20220621090841.0 010 $a981-16-6018-2 035 $a(MiAaPQ)EBC6854758 035 $a(Au-PeEL)EBL6854758 035 $a(CKB)20667288900041 035 $a(PPN)269154256 035 $a(EXLCZ)9920667288900041 100 $a20220226d2021 uy 0 101 0 $aeng 135 $aurcnu|||||||| 181 $ctxt$2rdacontent 182 $cc$2rdamedia 183 $acr$2rdacarrier 200 00$aMathematical modelling and computational intelligence techniques $eICMMCIT-2021, Gandhigram, India February 10-12 /$fP. Balasubramaniam [and three others] editors 210 1$aGateway East, Singapore :$cSpringer,$d[2021] 210 4$dŠ2021 215 $a1 online resource (349 pages) 225 1 $aSpringer proceedings in mathematics & statistics ;$vVolume 376 311 08$aPrint version: Balasubramaniam, P. Mathematical Modelling and Computational Intelligence Techniques Singapore : Springer Singapore Pte. Limited,c2022 9789811660177 320 $aIncludes bibliographical references. 410 0$aSpringer proceedings in mathematics & statistics ;$vVolume 376. 606 $aMathematical models$vCongresses 606 $aModels matemātics$2thub 608 $aCongressos$2thub 608 $aLlibres electrōnics$2thub 615 0$aMathematical models 615 7$aModels matemātics 676 $a511.8 702 $aBalasubramaniam$b P.$f1967- 801 0$bMiAaPQ 801 1$bMiAaPQ 801 2$bMiAaPQ 906 $aBOOK 912 $a996466549003316 996 $aMathematical modelling and computational intelligence techniques$92788589 997 $aUNISA LEADER 01055nam0 22002771i 450 001 UON00056944 005 20231205102250.525 100 $a20020107d1978 |0itac50 ba 101 $achi 102 $aCN 105 $a|||| 1|||| 200 1 $aHaobing shike$fJaroslav Hasek$g[tradotto da] Xiao Qian 210 $aBeijing$cRenmin wenxue chubanshe$d1978 215 $a272 p.$d20 cm 606 $aLETTERATURA CINESE$xSEC. XIX-XX$3UONC017904$2FI 620 $aCN$dBeijing$3UONL000457 686 $aCIN VI BA$cCina - Letteratura moderna e contemporanea - Testi$2A 700 1$aHA?EK$bJaroslav$3UONV036281$0440630 702 0$aXIAO Qian$3UONV036282 712 $aRenmin Wenxue Chubanshe$3UONV246345$4650 801 $aIT$bSOL$c20250620$gRICA 899 $aSIBA - SISTEMA BIBLIOTECARIO DI ATENEO$2UONSI 912 $aUON00056944 950 $aSIBA - SISTEMA BIBLIOTECARIO DI ATENEO$dSI CIN VI BA 112 $eSI SA 9241 7 112 996 $aHaobing shike$91149865 997 $aUNIOR